| 000 | 02435nam a22002657a 4500 | ||
|---|---|---|---|
| 003 | GR-AtMCL | ||
| 005 | 20251222135328.0 | ||
| 006 | a|||||r||||||||||| | ||
| 008 | e202309 gr a||||||||||||||||gre|d | ||
| 020 | _a9789600124897 | ||
| 040 |
_aGR-AtMCL _bgre _dGR-AtMCL |
||
| 041 | 1 | _heng | |
| 100 | 1 |
_aKring, Ann M. _97060 |
|
| 240 | 1 | 0 |
_aAbnormal psychology. _lΕλληνικά |
| 245 | 1 | 0 |
_aΨυχοπαθολογία : _bη επιστήμη και η αντιμετώπιση των ψυχολογικών διαταραχών / _cAnn M. Kring & Sheri L. Johnson ; επιστημονική επιμέλεια Παγώνα Ρούσση, Ευρυνόμη Αυδή, Αργυρούλα Καλαϊτζάκη ; μετάφραση Στέλιος Χαρτζίδης, Θεοδώρα Καραμπά |
| 264 | 1 |
_aΑθήνα : _bΕκδόσεις Gutenberg, _c2023 |
|
| 300 |
_a767 σελ : _bεικονογράφηση (έγχρωμη) ; _c29 εκ. |
||
| 500 | _aΤο κείμενο είναι μεταφρασμένο από τα αγγλικά | ||
| 500 | _aΗ μετάφραση έγινε από την 14η αμερικανική έκδοση | ||
| 505 | 0 | _aΕισαγωγή και ιστορική ανασκόπηση, Σύγχρονα επιστημονικά παραδείγματα στη μελέτη της ψυχοπαθολογίας, Διάγνωση και αξιολόγηση, Μέθοδοι έρευνας της ψυχοπαθολογίας, Διαταραχές της διάθεσης, Αγχώδεις διαταραχές, Ψυχαναγκαστική – καταναγκαστική και σχετιζόμενες διαταραχές και διαταραχές με τραύμα, Διασχιστικές διαταραχές, διαταραχή σωματικών συμπτωμάτων και σχετιζόμενες διαταραχές, Σχιζοφρένεια, Διαταραχές χρήσης ουσιών, Διαταραχές στην πρόσληψη τροφής, Σεξουαλικές διαταραχές, Διαταραχές της παιδικής ηλικίας Τρίτη ηλικία και νευρογνωστικές διαταραχές, Διαταραχές της προσωπικότητας,Νομικά και δεοντολογικά ζητήματα | |
| 650 | 0 |
_aΨυχολογία _99898 |
|
| 700 | 1 |
_aJohnson, Sheri L. _97059 |
|
| 942 | _cBK | ||
| 999 |
_c10001 _d10001 |
||